书目信息 |
| 题名: |
生态学基础
|
|
| 作者: | 李洪远 主编 | |
| 分册: | ||
| 出版信息: | 北京 化学工业出版社 2006.01 |
|
| 页数: | 305页 | |
| 开本: | 26cm | |
| 丛书名: | ||
| 单 册: | ||
| 中图分类: | Q14 | |
| 科图分类: | ||
| 主题词: | 生态学--sheng tai xue--高等学校--教材 | |
| 电子资源: | ||
| ISBN: | 7-5025-7934-6 | |
| 000 | 00800nam0 2200241 450 | |
| 001 | 012006782717 | |
| 005 | 20061116112005.14 | |
| 010 | @a7-5025-7934-6@dCNY34.00 | |
| 100 | @a20060611d2006 km y0chiy0120 ea | |
| 101 | 0 | @achi |
| 102 | @aCN@b110000 | |
| 105 | @aa a 000yy | |
| 200 | 1 | @a生态学基础@Asheng tai xue ji chu@f李洪远主编@Fli hong yuan zhu bian |
| 210 | @a北京@c化学工业出版社@d2006.01 | |
| 215 | @a305页@c图@d26cm | |
| 300 | @a高等学校教材环境类专业适用 | |
| 320 | @a有书目 | |
| 330 | @a本书系统介绍了生态学的基础理论和应用技术,主要包括绪论、生物与环境、种群生态学、群落生态学、生态系统与生态系统管理等内容。 | |
| 606 | 0 | @a生态学@Asheng tai xue@x高等学校@j教材 |
| 690 | @aQ14@v4 | |
| 701 | 0 | @a李洪远@Ali hong yuan@4主编 |
| 801 | 0 | @aCN@c20061116 |
| 905 | @a10447@dQ14@eL178 | |
| 生态学基础/李洪远主编.-北京:化学工业出版社,2006.01 |
| 305页:图;26cm |
| 高等学校教材环境类专业适用 |
| ISBN 7-5025-7934-6:CNY34.00 |
| 本书系统介绍了生态学的基础理论和应用技术,主要包括绪论、生物与环境、种群生态学、群落生态学、生态系统与生态系统管理等内容。 |
| ● |
| 相关链接 |
|
|
|
正题名:生态学基础
索取号:Q14/L178
 
预约/预借
| 序号 | 登录号 | 条形码 | 馆藏地/架位号 | 状态 | 备注 |
| 1 | 583979 | 205839798 | 自科库401/401自科库 25排3列2层/ [索取号:Q14/L178] | 在馆 | |
| 2 | 583980 | 205839805 | 自科库401/401自科库 25排3列2层/ [索取号:Q14/L178] | 在馆 | |
| 3 | 583981 | 205839814 | 自科库401/401自科库 25排3列2层/ [索取号:Q14/L178] | 在馆 | |
| 4 | 638934 | 206389344 | 自科库401/401自科库 25排3列2层/ [索取号:Q14/L178] | 在馆 | |
| 5 | 638935 | 206389353 | 自科库401/401自科库 25排3列2层/ [索取号:Q14/L178] | 在馆 |